000
00328 a2200133 4500
000
nam a22 7a 4500
100
_a
Sharma, Vivek
110
_a
Sharma, Vivek
245
_a
Bharat ki Gyan Pranali
250
_a
Latest edition
260
_b
satyam Publication
_c
2023
264
_b
satyam Publication
_c
2023
942
_c
BK
999
_c
395901
_d
395901